[Event "Titled Tuesday intern op 10th Jan Late"]
[Site "Chess.com INT"]
[Date "2023.01.10"]
[Round "2"]
[White "Lacasa Diaz, Jose Antonio"]
[Black "Taghizadeh, Rayan"]
[Result "0-1"]
[WhiteElo "2372"]
[BlackElo "2273"]
[PlyCount "118"]
[EventDate "2023.01.10"]
[EventType "swiss (blitz)"]
[EventRounds "11"]
[EventCountry "USA"]
[SourceTitle "EXT 2024"]
[Source "ChessBase"]
[SourceDate "2023.10.10"]
[SourceVersion "1"]
[SourceVersionDate "2023.10.10"]
[SourceQuality "1"]

1. e4 c5 2. Nf3 e6 3. c3 Nf6 4. d3 Nc6 5. Nbd2 Qc7 6. g3 d5 7. Bg2 Be7 8. Qe2 d4 9. 0-0 dxc3 10. bxc3 0-0 11. Nc4 b5 12. Bf4 Qd8 13. Nce5 Nxe5 14. Nxe5 Bb7 15. Rab1 a6 16. Rfd1 Nd7 17. Nxd7 Qxd7 18. d4 cxd4 19. cxd4 Rfe8 20. h4 Rac8 21. h5 h6 22. Qg4 Kh8 23. d5 Bf8 24. e5 Rc7 25. d6 Rc4 26. Bxb7 Qxb7 27. Rbc1 Qd7 28. Rxc4 bxc4 29. Qe2 Rc8 30. Rc1 Qb5 31. Kh2 Qc6 32. Rc3 Qb5 33. Qf3 Qd5 34. Qe2 f6 35. exf6 gxf6 36. g4 Bxd6 37. Bg3 Bxg3+ 38. Rxg3 c3 39. Qe3 Kg7 40. Qc1 c2 41. Re3 Qd6+ 42. Kg1 Qf4 43. f3 Qxe3+ 44. Qxe3 c1Q+ 45. Qxc1 Rxc1+ 46. Kg2 Rc2+ 47. Kg3 Rxa2 48. g5 Ra3 49. g6 Rb3 50. Kf4 a5 51. Ke4 a4 52. Kd4 a3 53. Kc4 Rb2 54. Kc5 e5 55. Kd6 e4 56. Ke7 a2 57. Ke8 a1Q 58. fxe4 Qa7 59. Kd8 Rb8# 0-1

[Event "Titled Tuesday intern op 10th Jan Late"]
[Site "Chess.com INT"]
[Date "2023.01.10"]
[Round "10"]
[White "Nazari, Arad"]
[Black "Taghizadeh, Rayan"]
[Result "1-0"]
[WhiteElo "2379"]
[BlackElo "2273"]
[PlyCount "147"]
[EventDate "2023.01.10"]
[EventType "swiss (blitz)"]
[EventRounds "11"]
[EventCountry "USA"]
[SourceTitle "EXT 2024"]
[Source "ChessBase"]
[SourceDate "2023.10.10"]
[SourceVersion "1"]
[SourceVersionDate "2023.10.10"]
[SourceQuality "1"]

1. e4 c5 2. Nf3 e6 3. b3 Nf6 4. e5 Nd5 5. c4 Nc7 6. Bb2 Nc6 7. Bd3 d6 8. exd6 Qxd6 9. Qe2 Nb4 10. Ne5 Nxd3+ 11. Nxd3 f6 12. Nc3 Be7 13. Ne4 Qc6 14. Nexc5 0-0 15. Qe4 Qd6 16. 0-0 b6 17. Na4 Rd8 18. Nf4 Bd7 19. d4 Bc6 20. Qe3 Re8 21. Nc3 Rad8 22. Rad1 e5 23. dxe5 Qxe5 24. Qxe5 fxe5 25. Nfd5 Nxd5 26. Nxd5 Bc5 27. Rfe1 e4 28. Re2 b5 29. Bd4 Bxd5 30. Bxc5 Bxc4 31. Red2 Rxd2 32. Rxd2 Bd3 33. Bxa7 Rc8 34. h3 Rc1+ 35. Kh2 Kf7 36. Kg3 g6 37. Bd4 Ke6 38. Be3 Rb1 39. Kf4 Rg1 40. g3 h6 41. h4 Rf1 42. Kg4 h5+ 43. Kg5 Kf7 44. Rb2 Rb1 45. Rxb1 Bxb1 46. a4 b4 47. a5 Bc2 48. Bc5 Bxb3 49. a6 Bc4 50. a7 Bd5 51. Bxb4 Ba8 52. Bc5 Bb7 53. Bd4 Ba8 54. Bc3 Bb7 55. Kf4 Ke6 56. Bd2 Ba8 57. Bb4 Bb7 58. Ke3 Ke5 59. Bc3+ Kd5 60. Kf4 Ke6 61. Bd2 Bc6 62. Bb4 Bb7 63. Ke3 Kd5 64. Ba5 Bc6 65. Bc7 Bb7 66. Kd2 Kc6 67. Bb8 Kd5 68. Ke3 Ke6 69. Kf4 Kf6 70. Bc7 Ke6 71. Bd8 Kf7 72. Kg5 Ke6 73. Kxg6 e3 74. fxe3 1-0

[Event "Titled Tuesday intern op 10th Jan Late"]
[Site "Chess.com INT"]
[Date "2023.01.10"]
[Round "8"]
[White "Putnam, Liam H"]
[Black "Taghizadeh, Rayan"]
[Result "0-1"]
[WhiteElo "2282"]
[BlackElo "2273"]
[PlyCount "90"]
[EventDate "2023.01.10"]
[EventType "swiss (blitz)"]
[EventRounds "11"]
[EventCountry "USA"]
[SourceTitle "EXT 2024"]
[Source "ChessBase"]
[SourceDate "2023.10.10"]
[SourceVersion "1"]
[SourceVersionDate "2023.10.10"]
[SourceQuality "1"]

1. d4 Nf6 2. Nf3 e6 3. c4 b6 4. Nc3 Bb7 5. a3 d5 6. cxd5 Nxd5 7. Qc2 Be7 8. e4 Nxc3 9. bxc3 0-0 10. Bd3 c5 11. 0-0 cxd4 12. cxd4 Qc8 13. Qe2 Ba6 14. Bb2 Bxd3 15. Qxd3 Qa6 16. Qd2 Nd7 17. h4 Rac8 18. Rac1 Rxc1 19. Rxc1 Rc8 20. h5 h6 21. Rd1 Qa4 22. Rc1 Rxc1+ 23. Qxc1 Nf8 24. Qc3 b5 25. d5 f6 26. Nd4 Qd1+ 27. Kh2 Qxh5+ 28. Kg1 exd5 29. Nf5 Qd1+ 30. Kh2 Bd8 31. Qg3 Qh5+ 32. Kg1 Qd1+ 33. Kh2 Qh5+ 34. Kg1 Ne6 35. Qb3 Nf4 36. Qxb5 Qd1+ 37. Kh2 Qh5+ 38. Kg1 dxe4 39. Qd7 Qg5 40. Qxd8+ Kh7 41. Ng3 e3 42. Qd4 e2 43. Qe4+ f5 44. Qe3 h5 45. Nxe2 Qxg2# 0-1

[Event "FIDE World Uni Blitz-B 1st"]
[Site "Tornelo INT"]
[Date "2021.03.13"]
[Round "9.39"]
[White "Taghizadeh, Rayan"]
[Black "Brunel, Axel"]
[Result "1-0"]
[WhiteElo "2311"]
[BlackElo "1827"]
[PlyCount "53"]
[EventDate "2021.03.13"]
[EventType "swiss (blitz)"]
[EventRounds "10"]
[EventCountry "NET"]
[SourceTitle "EXT 2022"]
[Source "ChessBase"]
[SourceDate "2021.10.06"]
[SourceVersion "1"]
[SourceVersionDate "2021.10.06"]
[SourceQuality "1"]

1. d4 Nf6 2. Bf4 g6 3. Nc3 d5 4. e3 Bg7 5. h4 h5 6. Nf3 c6 7. Ne5 Nbd7 8. Bd3 Nxe5 9. Bxe5 0-0 10. f3 b6 11. Qd2 c5 12. 0-0-0 c4 13. Be2 Bd7 14. Bxf6 Bxf6 15. Nxd5 Bg7 16. Bxc4 Rc8 17. Bb3 a5 18. a3 a4 19. Ba2 Be6 20. e4 Qd6 21. Nb4 Bxa2 22. Nxa2 Kh7 23. Kb1 Rfd8 24. c3 Qg3 25. Nb4 e6 26. Qg5 Qf2 27. Rd2 1-0

[Event "Pan American Intercollegiate-chT"]
[Site "Chess.com INT"]
[Date "2021.01.06"]
[Round "9"]
[White "Taghizadeh, Rayan"]
[Black "Swiercz, Dariusz"]
[Result "0-1"]
[WhiteElo "2311"]
[BlackElo "2649"]
[PlyCount "122"]
[EventDate "2021.01.04"]
[EventType "team-swiss (rapid)"]
[EventRounds "9"]
[EventCountry "USA"]
[SourceTitle "CBM 200 Extra"]
[Source "ChessBase"]
[SourceDate "2021.03.31"]
[SourceVersion "1"]
[SourceVersionDate "2021.03.31"]
[SourceQuality "1"]
[WhiteTeam "Berkeley California Univ II"]
[BlackTeam "St Louis Univ"]
[WhiteTeamCountry "USA"]
[BlackTeamCountry "USA"]

1. b3 Nf6 2. Bb2 g6 3. Nf3 Bg7 4. e3 c5 5. c4 0-0 6. Be2 Nc6 7. 0-0 d5 8. cxd5 Qxd5 9. Nc3 Qf5 10. Rc1 Rd8 11. a3 b6 12. b4 cxb4 13. axb4 Nxb4 14. Nd4 Rxd4 15. exd4 Bb7 16. Ba3 Nd3 17. Bxd3 Qxd3 18. Bxe7 Nd5 19. Nxd5 Bxd5 20. Qg4 Be6 21. Qf4 Qxd4 22. Qxd4 Bxd4 23. Bb4 a5 24. Bc3 Bxc3 25. dxc3 b5 26. Ra1 a4 27. Rfc1 a3 28. f3 Bc4 29. Kf2 a2 30. Rc2 Kg7 31. Ke3 Kf6 32. Kd4 Kf5 33. Kc5 Kf4 34. Kd4 Ra4 35. Rb2 Ra7 36. Rf2 h5 37. g3+ Kf5 38. Rb2 Ra3 39. Rb4 Be2 40. Rb2 Ra4+ 41. Ke3 Bc4 42. Kd4 Ra8 43. Ke3 Ke5 44. Rd2 Ra3 45. f4+ Kf5 46. Kd4 Kg4 47. Rc2 Ra8 48. Rb2 h4 49. gxh4 Kxf4 50. Rb4 Kg4 51. Kc5 f5 52. Rb2 Kxh4 53. Rg2 Kh5 54. Kd4 Re8 55. Rag1 Re6 56. h4 Re4+ 57. Kc5 Rg4 58. Rxg4 fxg4 59. Kd4 g3 60. Ke3 Kg4 61. Kd2 Kf3 0-1

[Event "Pan American Intercollegiate-chT"]
[Site "Chess.com INT"]
[Date "2021.01.04"]
[Round "2"]
[White "Siddarth, M."]
[Black "Taghizadeh, Rayan"]
[Result "0-1"]
[WhiteElo "2159"]
[BlackElo "2311"]
[PlyCount "106"]
[EventDate "2021.01.04"]
[EventType "team-swiss (rapid)"]
[EventRounds "9"]
[EventCountry "USA"]
[SourceTitle "CBM 200 Extra"]
[Source "ChessBase"]
[SourceDate "2021.03.31"]
[SourceVersion "1"]
[SourceVersionDate "2021.03.31"]
[SourceQuality "1"]
[WhiteTeam "San Diego Univ"]
[BlackTeam "Berkeley California Univ II"]
[WhiteTeamCountry "USA"]
[BlackTeamCountry "USA"]

1. e4 c5 2. Nf3 e6 3. c4 Qc7 4. Nc3 a6 5. d4 cxd4 6. Nxd4 Nf6 7. Bd3 Nc6 8. Be3 Nxd4 9. Bxd4 Bc5 10. Bc2 d6 11. 0-0 Bxd4 12. Qxd4 e5 13. Qd3 0-0 14. f4 Be6 15. fxe5 Qc5+ 16. Kh1 Qxe5 17. Rad1 Rac8 18. b3 b5 19. Nd5 Ng4 20. Ne7+ Kh8 21. Qxd6 Qxd6 22. Rxd6 Rcd8 23. Rxd8 Rxd8 24. Nd5 bxc4 25. bxc4 Rc8 26. Bb3 Ne5 27. Ne3 g6 28. Kg1 Kg7 29. Rc1 Nd3 30. Rd1 Nc5 31. Bc2 Kf6 32. Kf2 Rb8 33. Kf3 Rb2 34. Bb1 h5 35. h3 Nd7 36. Nd5+ Kg7 37. Ne3 Ne5+ 38. Kf4 Nxc4 39. Nxc4 Bxc4 40. g4 h4 41. Kg5 f6+ 42. Kf4 g5+ 43. Ke3 Bxa2 44. Bd3 Rh2 45. Bf1 Bf7 46. Ra1 Rh1 47. Kf2 Bc4 48. Kg2 Rxf1 49. Rxf1 Bxf1+ 50. Kxf1 Kf7 51. Ke2 Ke6 52. Kd3 Ke5 53. Kc4 Kxe4 0-1

[Event "PRO League Stage"]
[Site "Chess.com INT"]
[Date "2019.03.06"]
[Round "9"]
[White "Taghizadeh, Rayan"]
[Black "Zhou, Jianchao"]
[Result "0-1"]
[WhiteElo "2298"]
[BlackElo "2609"]
[PlyCount "88"]
[EventDate "2019.01.08"]
[EventType "team-swiss (rapid)"]
[EventRounds "10"]
[EventCountry "USA"]
[SourceTitle "CBM 189 Extra"]
[Source "ChessBase"]
[SourceDate "2019.06.03"]
[SourceVersion "1"]
[SourceVersionDate "2019.06.03"]
[SourceQuality "1"]
[WhiteTeam "San Jose Hackers"]
[BlackTeam "Dallas Destiny"]
[WhiteTeamCountry "USA"]
[BlackTeamCountry "USA"]

1. d4 Nf6 2. Bf4 g6 3. Nc3 d5 4. e3 Bg7 5. h4 h5 6. Nf3 Bg4 7. Be2 0-0 8. Ne5 Bxe2 9. Qxe2 c5 10. 0-0-0 cxd4 11. exd4 Qa5 12. g4 Nc6 13. Nxc6 bxc6 14. gxh5 Nxh5 15. Be5 Rab8 16. Bxg7 Nxg7 17. Rh3 Qb4 18. b3 Nh5 19. Qe3 Qd6 20. Re1 Qf4 21. Ne2 Qxe3+ 22. fxe3 Kg7 23. Ng3 Nxg3 24. Rxg3 Rh8 25. Rg4 e6 26. e4 dxe4 27. Rgxe4 Rh5 28. Kd2 Rbh8 29. Rh1 Kf8 30. Kd3 g5 31. Re5 gxh4 32. Rxh5 Rxh5 33. Ke4 Ke7 34. Kf4 Kd6 35. Kg4 Rh7 36. c4 e5 37. dxe5+ Kxe5 38. Rxh4 f5+ 39. Kh3 Rxh4+ 40. Kxh4 Ke4 41. b4 f4 42. c5 f3 43. b5 f2 44. bxc6 f1Q 0-1

[Event "Bay Area op"]
[Site "Burlingame"]
[Date "2019.01.04"]
[Round "5"]
[White "Taghizadeh, Rayan"]
[Black "Wheeler, Cameron"]
[Result "1-0"]
[WhiteElo "2298"]
[BlackElo "2417"]
[PlyCount "43"]
[EventDate "2019.01.01"]
[EventType "swiss"]
[EventRounds "9"]
[EventCountry "USA"]
[SourceTitle "CBM 188 Extra"]
[Source "ChessBase"]
[SourceDate "2019.02.26"]
[SourceVersion "1"]
[SourceVersionDate "2019.02.26"]
[SourceQuality "1"]

1. d4 Nf6 2. Bf4 c5 3. d5 b5 4. a4 Bb7 5. axb5 Nxd5 6. Bg3 a6 7. bxa6 Nb4 8. a7 N8c6 9. c3 Na6 10. e4 Rxa7 11. Na3 d6 12. Nb5 Ra8 13. Nf3 Nc7 14. Rxa8 Nxa8 15. Bc4 Nb6 16. Bd5 Qd7 17. 0-0 Ba6 18. c4 Nb4 19. Ng5 N4xd5 20. exd5 Nxc4 21. Nc7+ Qxc7 22. Qa4+ 1-0

[Event "Bay Area op"]
[Site "Burlingame"]
[Date "2019.01.03"]
[Round "3"]
[White "Taghizadeh, Rayan"]
[Black "Wang, Kevin A"]
[Result "1-0"]
[WhiteElo "2298"]
[BlackElo "2450"]
[PlyCount "45"]
[EventDate "2019.01.01"]
[EventType "swiss"]
[EventRounds "9"]
[EventCountry "USA"]
[SourceTitle "CBM 188 Extra"]
[Source "ChessBase"]
[SourceDate "2019.02.26"]
[SourceVersion "1"]
[SourceVersionDate "2019.02.26"]
[SourceQuality "1"]

1. d4 Nf6 2. Bf4 c5 3. d5 d6 4. Nc3 e5 5. Bd2 g6 6. e4 Bg7 7. g3 0-0 8. Bg2 Ne8 9. h4 f5 10. h5 Nf6 11. hxg6 hxg6 12. Nh3 Qe8 13. a4 a6 14. Ng5 Ng4 15. Qe2 Bd7 16. b3 Qe7 17. a5 fxe4 18. Ncxe4 Nh6 19. c3 Bg4 20. f3 Bd7 21. Bh3 Nf5 22. Qh2 Re8 23. Bg4 1-0

[Event "Bay Area op"]
[Site "Burlingame"]
[Date "2019.01.02"]
[Round "2"]
[White "Arne, Mike"]
[Black "Taghizadeh, Rayan"]
[Result "0-1"]
[WhiteElo "2124"]
[BlackElo "2298"]
[PlyCount "132"]
[EventDate "2019.01.01"]
[EventType "swiss"]
[EventRounds "9"]
[EventCountry "USA"]
[SourceTitle "CBM 188 Extra"]
[Source "ChessBase"]
[SourceDate "2019.02.26"]
[SourceVersion "1"]
[SourceVersionDate "2019.02.26"]
[SourceQuality "1"]

1. c4 e5 2. Nc3 Nc6 3. Nf3 g6 4. d4 exd4 5. Nxd4 Bg7 6. Nxc6 bxc6 7. g3 Ne7 8. Bg2 0-0 9. 0-0 h6 10. Qc2 d6 11. b3 f5 12. e3 Be6 13. Bb2 Qe8 14. Ne2 Qf7 15. Bxg7 Qxg7 16. Rac1 Rac8 17. Qc3 Qxc3 18. Nxc3 c5 19. Rfd1 Rfd8 20. Rd2 Kf7 21. Re1 Bd7 22. Rde2 Re8 23. f4 a5 24. Kf2 Rb8 25. Bf3 Rb4 26. e4 fxe4 27. Rxe4 Rbb8 28. g4 g5 29. f5 Rbd8 30. Kg3 h5 31. h3 Kf8 32. R4e2 Nc6 33. Rxe8+ Rxe8 34. Rxe8+ Bxe8 35. Ne4 h4+ 36. Kf2 Nd4 37. Nxg5 Ke7 38. Ne4 Bc6 39. Ke3 Bxe4 40. Kxe4 Kf6 41. Kf4 Nxf3 42. Kxf3 Kg5 43. Ke3 c6 44. Kd3 d5 45. Ke3 d4+ 46. Kd3 Kf6 47. Ke4 Kg5 48. Kf3 Kf6 49. Kf4 Kg7 50. g5 Kf7 51. Ke4 Kg7 52. f6+ Kg6 53. Kf4 Kf7 54. Kf5 d3 55. g6+ Kf8 56. Ke6 d2 57. g7+ Kg8 58. Ke7 d1Q 59. f7+ Kxg7 60. f8Q+ Kg6 61. Qf6+ Kh5 62. Kf7 Qd7+ 63. Kg8 Qxh3 64. Qe5+ Kg4 65. Qxc5 Qg2 66. Qxa5 h3 0-1

[Event "North American op 27th"]
[Site "Las Vegas"]
[Date "2017.12.29"]
[Round "7"]
[White "Taghizadeh, Rayan"]
[Black "Samsonkin, Artiom"]
[Result "0-1"]
[WhiteElo "2346"]
[BlackElo "2407"]
[PlyCount "114"]
[EventDate "2017.12.26"]
[EventType "swiss"]
[EventRounds "9"]
[EventCountry "USA"]
[SourceTitle "CBM 182 Extra"]
[Source "ChessBase"]
[SourceDate "2018.02.23"]
[SourceVersion "1"]
[SourceVersionDate "2018.02.23"]
[SourceQuality "1"]

1. d4 Nf6 2. Bf4 g6 3. Nc3 Bg7 4. e4 d6 5. Qd2 c6 6. Bh6 Bxh6 7. Qxh6 e5 8. 0-0-0 Qe7 9. f3 Nbd7 10. g3 Nb6 11. Nh3 Bd7 12. Nf2 0-0-0 13. Qe3 Kb8 14. Be2 Be6 15. Rhe1 Rhe8 16. Bf1 Bc4 17. Bxc4 Nxc4 18. Qd3 d5 19. Nb1 exd4 20. Qxd4 Ne5 21. exd5 Rxd5 22. Qf4 Rxd1+ 23. Rxd1 Nd5 24. Qe4 f5 25. Qe2 Nb4 26. Nc3 Qf7 27. Qd2 Nxa2+ 28. Kb1 Nxc3+ 29. Qxc3 Nc4 30. Nd3 Ne3 31. Re1 Nd5 32. Rxe8+ Qxe8 33. Qd4 Qe7 34. c4 Nc7 35. Nc5 b6 36. Nd3 Kb7 37. c5 Nd5 38. cxb6 axb6 39. Ne5 Qb4 40. Qxb4 Nxb4 41. Nd7 Nd5 42. g4 Kc7 43. Nf8 Nf6 44. g5 Nd7 45. Nxh7 Kd6 46. h4 Ke7 47. h5 gxh5 48. g6 h4 49. Kc2 Ne5 50. g7 Kf7 51. Ng5+ Kxg7 52. Kd2 Kg6 53. f4 Kh5 54. Nh3 Nc4+ 55. Kc3 Kg4 56. Nf2+ Kg3 57. Nh1+ Kg2 0-1

[Event "North American op 27th"]
[Site "Las Vegas"]
[Date "2017.12.27"]
[Round "4"]
[White "Moradiabadi, Elshan"]
[Black "Taghizadeh, Rayan"]
[Result "1/2-1/2"]
[WhiteElo "2528"]
[BlackElo "2346"]
[PlyCount "76"]
[EventDate "2017.12.26"]
[EventType "swiss"]
[EventRounds "9"]
[EventCountry "USA"]
[SourceTitle "CBM 182 Extra"]
[Source "ChessBase"]
[SourceDate "2018.02.23"]
[SourceVersion "1"]
[SourceVersionDate "2018.02.23"]
[SourceQuality "1"]

1. e4 c5 2. Nf3 e6 3. Nc3 a6 4. d4 cxd4 5. Nxd4 b5 6. g3 b4 7. Na4 Bb7 8. Bg2 Qa5 9. b3 Nf6 10. Qe2 Nc6 11. Bb2 Nxd4 12. Bxd4 e5 13. Bb6 Qb5 14. Qd3 d5 15. exd5 Qxd3 16. cxd3 Bxd5 17. 0-0 Bxg2 18. Kxg2 Bd6 19. Rfe1 Kd7 20. d4 e4 21. d5 Rhe8 22. Rad1 Rab8 23. Bd4 Be5 24. Ba7 Rb5 25. Nc5+ Kd6 26. Nxe4+ Nxe4 27. Rxe4 Ra8 28. Be3 a5 29. Rc4 Rxd5 30. Rdc1 Kd7 31. Kf3 Bc3 32. a4 Re8 33. Re4 Rxe4 34. Kxe4 Kc6 35. g4 g6 36. g5 Rd8 37. h4 Rd5 38. h5 Kd6 1/2-1/2

[Event "North American-ch U20"]
[Site "Irving"]
[Date "2017.09.05"]
[Round "9"]
[White "Capocyan, Sam L"]
[Black "Taghizadeh, Rayan"]
[Result "0-1"]
[WhiteElo "2138"]
[BlackElo "2374"]
[PlyCount "52"]
[EventDate "2017.08.31"]
[EventType "swiss"]
[EventRounds "9"]
[EventCountry "USA"]
[SourceTitle "CBM 180 Extra"]
[Source "ChessBase"]
[SourceDate "2017.10.06"]
[SourceVersion "1"]
[SourceVersionDate "2017.10.06"]
[SourceQuality "1"]

1. d4 Nf6 2. c4 e6 3. Nc3 Bb4 4. g3 0-0 5. Bg2 Bxc3+ 6. bxc3 Nc6 7. e4 d6 8. Ne2 e5 9. 0-0 Re8 10. Qc2 h6 11. Rd1 Qe7 12. c5 exd4 13. cxd6 cxd6 14. Nxd4 Nxe4 15. Ba3 Nxd4 16. Rxd4 Bf5 17. Bxe4 Bxe4 18. Qd2 Qf6 19. Qe3 d5 20. Bb2 Re6 21. c4 dxc4 22. Qa3 Qf5 23. Rxc4 Bc6 24. Qc3 f6 25. Rd4 Rae8 26. Qc4 Qf3 0-1

[Event "World op 45th"]
[Site "Philadelphia"]
[Date "2017.07.03"]
[Round "6"]
[White "Taghizadeh, Rayan"]
[Black "Garcia, Jan Emmanuel"]
[Result "1/2-1/2"]
[WhiteElo "2351"]
[BlackElo "2436"]
[PlyCount "45"]
[EventDate "2017.06.29"]
[EventType "swiss"]
[EventRounds "9"]
[EventCountry "USA"]
[SourceTitle "CBM 179 Extra"]
[Source "ChessBase"]
[SourceDate "2017.08.23"]
[SourceVersion "1"]
[SourceVersionDate "2017.08.23"]
[SourceQuality "1"]

1. e4 e5 2. Nf3 Nc6 3. Bb5 a6 4. Ba4 Nf6 5. Qe2 Be7 6. Bxc6 dxc6 7. Nc3 Bd6 8. d3 Qe7 9. h3 Be6 10. Be3 Nd7 11. 0-0 0-0-0 12. Rad1 f6 13. d4 Bf7 14. d5 cxd5 15. Nxd5 Bxd5 16. Rxd5 Bc5 17. Bxc5 Nxc5 18. Rfd1 Ne6 19. g3 c6 20. Rxd8+ Rxd8 21. Rxd8+ Qxd8 22. Qd2 Qxd2 23. Nxd2 1/2-1/2

[Event "New York Int op 10th"]
[Site "New York"]
[Date "2017.06.25"]
[Round "9"]
[White "Popilski, Gil"]
[Black "Taghizadeh, Rayan"]
[Result "1/2-1/2"]
[WhiteElo "2544"]
[BlackElo "2351"]
[PlyCount "21"]
[EventDate "2017.06.21"]
[EventType "swiss"]
[EventRounds "9"]
[EventCountry "USA"]
[SourceTitle "CBM 179 Extra"]
[Source "ChessBase"]
[SourceDate "2017.08.23"]
[SourceVersion "1"]
[SourceVersionDate "2017.08.23"]
[SourceQuality "1"]

1. d4 Nf6 2. c4 e6 3. Nf3 b6 4. g3 Bb7 5. Bg2 Be7 6. 0-0 0-0 7. Bf4 d6 8. Qc2 Nbd7 9. Nc3 c5 10. dxc5 Nxc5 11. Rfd1 1/2-1/2

[Event "New York Int op 10th"]
[Site "New York"]
[Date "2017.06.24"]
[Round "7"]
[White "Colas, Joshua"]
[Black "Taghizadeh, Rayan"]
[Result "1/2-1/2"]
[WhiteElo "2369"]
[BlackElo "2351"]
[PlyCount "130"]
[EventDate "2017.06.21"]
[EventType "swiss"]
[EventRounds "9"]
[EventCountry "USA"]
[SourceTitle "CBM 179 Extra"]
[Source "ChessBase"]
[SourceDate "2017.08.23"]
[SourceVersion "1"]
[SourceVersionDate "2017.08.23"]
[SourceQuality "1"]

1. d4 Nf6 2. Nf3 e6 3. Bf4 b6 4. e3 Bb7 5. Nbd2 Be7 6. h3 0-0 7. Bd3 c5 8. c3 Nc6 9. 0-0 d6 10. Qe2 Rc8 11. a3 Qc7 12. dxc5 bxc5 13. e4 e5 14. Bh2 Nd8 15. Nc4 Ne6 16. Rfe1 Rcd8 17. Rad1 Nh5 18. Qc2 Ng5 19. Nfd2 Nf4 20. Bf1 Rfe8 21. Ne3 Bf8 22. h4 Nge6 23. Nf3 Qb8 24. Nd5 Nxd5 25. exd5 Nc7 26. c4 Bc8 27. Ng5 g6 28. Bd3 f5 29. f3 Bg7 30. Rb1 a5 31. h5 Rf8 32. hxg6 hxg6 33. Bg3 Ne8 34. Bf2 Nf6 35. b4 e4 36. fxe4 fxe4 37. Bxe4 Ng4 38. bxc5 Qa7 39. Nf3 dxc5 40. Bg3 Bf5 41. Bxf5 gxf5 42. Be5 Bxe5 43. Nxe5 Qg7 44. Nf3 Rd6 45. Qb2 Qh7 46. Qb7 Qg6 47. Qc7 f4 48. Qxc5 Ne3 49. Rb2 Rdf6 50. Rd2 Qh5 51. Rxe3 fxe3 52. Qxe3 Rg6 53. Rf2 Rh6 54. Qg5+ Qxg5 55. Nxg5 Rh1+ 56. Kxh1 Rxf2 57. c5 Rf5 58. Ne4 Kf8 59. d6 Ke8 60. c6 Kd8 61. a4 Re5 62. Nd2 Rc5 63. Nb3 Rxc6 64. Nxa5 Rc1+ 65. Kh2 Kd7 1/2-1/2

[Event "New York Int op 10th"]
[Site "New York"]
[Date "2017.06.24"]
[Round "6"]
[White "Taghizadeh, Rayan"]
[Black "Bonin, Jay R"]
[Result "1-0"]
[WhiteElo "2351"]
[BlackElo "2263"]
[PlyCount "20"]
[EventDate "2017.06.21"]
[EventType "swiss"]
[EventRounds "9"]
[EventCountry "USA"]
[SourceTitle "CBM 179 Extra"]
[Source "ChessBase"]
[SourceDate "2017.08.23"]
[SourceVersion "1"]
[SourceVersionDate "2017.08.23"]
[SourceQuality "1"]

1. e4 e6 2. d4 d5 3. Nd2 c5 4. Ngf3 Nc6 5. exd5 exd5 6. Bb5 Bd6 7. 0-0 Nge7 8. dxc5 Bxc5 9. Nb3 a6 10. Re1 0-0 1-0

[Event "New York Int op 10th"]
[Site "New York"]
[Date "2017.06.23"]
[Round "4"]
[White "Jacobson, Brandon"]
[Black "Taghizadeh, Rayan"]
[Result "1-0"]
[WhiteElo "2210"]
[BlackElo "2351"]
[PlyCount "77"]
[EventDate "2017.06.21"]
[EventType "swiss"]
[EventRounds "9"]
[EventCountry "USA"]
[SourceTitle "CBM 179 Extra"]
[Source "ChessBase"]
[SourceDate "2017.08.23"]
[SourceVersion "1"]
[SourceVersionDate "2017.08.23"]
[SourceQuality "1"]

1. e4 e5 2. Nf3 Nc6 3. Nc3 Nf6 4. d4 exd4 5. Nxd4 d6 6. Bf4 Bd7 7. Qd2 Be7 8. 0-0-0 0-0 9. f3 Nxd4 10. Qxd4 a6 11. g4 b5 12. Qd2 Be6 13. Kb1 Rb8 14. g5 Nd7 15. Be3 c6 16. f4 Bg4 17. Be2 Bxe2 18. Nxe2 Nc5 19. Ng3 Re8 20. Qg2 Qc7 21. h4 Bf8 22. h5 Qe7 23. Bxc5 dxc5 24. e5 Qe6 25. Ne4 Red8 26. Rde1 Rd4 27. Qf3 Qf5 28. h6 Rbd8 29. hxg7 Bxg7 30. Qg2 Qg6 31. Nf6+ Bxf6 32. exf6 R4d6 33. Qh3 Rd5 34. Qe3 Rf8 35. Rh2 h5 36. Qf3 Rfd8 37. Kc1 Rd4 38. Qxh5 Qxh5 39. Rxh5 1-0

[Event "PRO League Stage"]
[Site "Chess.com INT"]
[Date "2017.02.22"]
[Round "7"]
[White "Raptis, Nick"]
[Black "Taghizadeh, Rayan"]
[Result "1-0"]
[WhiteElo "2262"]
[BlackElo "2317"]
[PlyCount "135"]
[EventDate "2017.01.11"]
[EventType "team-swiss (rapid)"]
[EventRounds "7"]
[EventCountry "USA"]
[SourceTitle "EXT 2018"]
[Source "ChessBase"]
[SourceDate "2017.10.13"]
[SourceVersion "1"]
[SourceVersionDate "2017.10.13"]
[SourceQuality "1"]
[WhiteTeam "Portland Rain"]
[BlackTeam "San Francisco Mechanics"]
[WhiteTeamCountry "USA"]
[BlackTeamCountry "USA"]

1. Nf3 Nf6 2. d4 e6 3. g3 b6 4. Bg2 Bb7 5. 0-0 Be7 6. c4 0-0 7. Nc3 Ne4 8. Nxe4 Bxe4 9. Ne5 Bxg2 10. Kxg2 d6 11. Nf3 Nd7 12. e4 Bf6 13. b3 e5 14. d5 g6 15. h4 a5 16. h5 Nc5 17. Qe2 Bg7 18. Ba3 Nd7 19. Rh1 f5 20. hxg6 hxg6 21. Rh4 Qf6 22. Rah1 Nc5 23. Bxc5 bxc5 24. exf5 Qxf5 25. a4 Rae8 26. Nd2 Bf6 27. Rg4 Kg7 28. Ne4 Rh8 29. Nxf6 Qxf6 30. Rgh4 Rxh4 31. Rxh4 Qf5 32. Qd2 g5 33. Rh1 Rf8 34. Qe3 Kg6 35. Re1 Rb8 36. Qc3 Rh8 37. Kg1 Qh3 38. Qd3+ Kg7 39. Qe4 Qh2+ 40. Kf1 Rf8 41. Qg2 Qh7 42. Qe4 Qh3+ 43. Qg2 Qf5 44. Kg1 Rb8 45. Re3 Qb1+ 46. Qf1 Rxb3 47. Rxb3 Qxb3 48. Qh3 Qb1+ 49. Kg2 Qe4+ 50. Kg1 Qg6 51. Qd7+ Kh6 52. Qb5 Qe4 53. Qxa5 Qxc4 54. Qxc7 Qxd5 55. a5 Qd1+ 56. Kg2 Qd5+ 57. Kg1 Kh5 58. a6 Qd1+ 59. Kg2 Qd5+ 60. Kg1 Qd1+ 61. Kg2 Qd5+ 62. Kh2 Kg6 63. a7 c4 64. Qb8 Qd4 65. a8Q Qxf2+ 66. Qg2 Qf6 67. Qg8+ Kf5 68. Qf3# 1-0